Quality assurance and accreditation in higher education. Seminar I seminar I: Lubljana, Slovenia 9 to 11 march 1994

Na minha lista:
Detalhes bibliográficos
Formato: Livro
Idioma:inglês
Publicado em: Paris OECD 1995
Assuntos:
Tags: Adicionar Tag
Sem tags, seja o primeiro a adicionar uma tag!

MARC

LEADER 00000nam a2200000 4500
001 c120077
005 20221123112707.2
041 0 |a eng 
044 |a FR 
245 1 0 |a Quality assurance and accreditation in higher education. Seminar I  |b seminar I: Lubljana, Slovenia 9 to 11 march 1994 
264 1 |a Paris  |b OECD  |c 1995 
300 |a 124 s. 
610 2 0 |a vzdelávanie 
610 2 0 |a vzdelanie vysokoškolské 
610 2 0 |a spolupráca vedecká medzinárodná 
610 2 0 |a veda 
610 2 0 |a výskum